Asamiya byakaranar maulik vicar (Record no. 2439)

MARC details
000 -LEADER
fixed length control field 00485cam a2200181ua 4500
008 - FIXED-LENGTH DATA ELEMENTS--GENERAL INFORMATION
fixed length control field 110829n ii |||gr||||Z||||||asm
040 ## - CATALOGING SOURCE
Transcribing agency MAIN
082 ## - DEWEY DECIMAL CLASSIFICATION NUMBER
Classification number 491.4515
100 ## - MAIN ENTRY--PERSONAL NAME
Personal name Goswami, Gulok Chandra,
245 11 - TITLE STATEMENT
Title Asamiya byakaranar maulik vicar
Statement of responsibility, etc. by Goluk Chandra Goswami
250 ## - EDITION STATEMENT
Edition statement 1st.
260 ## - PUBLICATION, DISTRIBUTION, ETC.
Place of publication, distribution, etc. Guahati:
Name of publisher, distributor, etc. Shri ramcharan bharali,987.
300 ## - PHYSICAL DESCRIPTION
Extent 155p:
Dimensions 23cm.
942 ## - ADDED ENTRY ELEMENTS (KOHA)
Koha item type Books
653 ## - INDEX TERM--UNCONTROLLED
Uncontrolled term Assamese grammar
653 ## - INDEX TERM--UNCONTROLLED
Uncontrolled term Asamiya byakaranar maulik vicar
Holdings
Withdrawn status Lost status Damaged status Not for loan Home library Current library Shelving location Date acquired Total Checkouts Full call number Barcode Date last seen Copy number Price effective from Koha item type
        Central Library, Naharkatiya College Central Library, Naharkatiya College General Stacks 19/09/2020   491.4515 | GOS 10173 19/09/2020 1 19/09/2020 Books
        Central Library, Naharkatiya College Central Library, Naharkatiya College General Stacks 19/09/2020   491.4515 | GOS 10174 19/09/2020 2 19/09/2020 Books
        Central Library, Naharkatiya College Central Library, Naharkatiya College General Stacks 19/09/2020   491.4515 | GOS 10175 19/09/2020 6 19/09/2020 Books
        Central Library, Naharkatiya College Central Library, Naharkatiya College General Stacks 19/09/2020   491.4515 | GOS 10176 19/09/2020 5 19/09/2020 Books
        Central Library, Naharkatiya College Central Library, Naharkatiya College General Stacks 19/09/2020   491.4515 | GOS 10177 19/09/2020 4 19/09/2020 Books
        Central Library, Naharkatiya College Central Library, Naharkatiya College General Stacks 19/09/2020   491.4515 | GOS 10178 19/09/2020 3 19/09/2020 Books

Naharkatiya College © 2020. All rights reserved.

Powered By